[Event "Skara Vastgota op"]
[Site "Skara"]
[Date "2022.10.30"]
[Round "7"]
[White "Bengtsson, Jessica"]
[Black "Eklund, Lars Goran"]
[Result "0-1"]
[WhiteElo "2061"]
[BlackElo "2156"]
[PlyCount "102"]
[EventDate "2022.10.29"]
[EventType "swiss"]
[EventRounds "9"]
[EventCountry "SWE"]
[SourceTitle "EXT 2024"]
[Source "ChessBase"]
[SourceDate "2023.10.10"]
[SourceVersion "1"]
[SourceVersionDate "2023.10.10"]
[SourceQuality "1"]

1. e4 Nc6 2. d4 d5 3. Nc3 dxe4 4. d5 Nb8 5. Nxe4 c6 6. Bc4 cxd5 7. Qxd5 Qxd5 8. Bxd5 e6 9. Bc4 Nf6 10. Nxf6+ gxf6 11. Nf3 Nc6 12. Be3 e5 13. 0-0-0 Be6 14. Bxe6 fxe6 15. a3 Rg8 16. g3 b6 17. Kb1 Rd8 18. Rxd8+ Kxd8 19. Rd1+ Kc7 20. Nd2 Be7 21. Nb3 f5 22. Nd2 Rd8 23. c3 e4 24. Kc2 Ne5 25. Bf4 Bd6 26. h3 Nd3 27. Bxd6+ Rxd6 28. Rf1 Nxf2 29. Nc4 Rc6 30. Rxf2 Rxc4 31. Kd2 h5 32. Ke3 Kd6 33. Kf4 h4 34. Rd2+ Ke7 35. gxh4 e3+ 36. Kxe3 Rxh4 37. Rh2 e5 38. Kf3 Kf6 39. Kg3 Kg5 40. Rd2 f4+ 41. Kg2 Rh7 42. c4 Kf5 43. b4 Rc7 44. Rc2 e4 45. a4 f3+ 46. Kf2 Kf4 47. Rc3 Rg7 48. c5 e3+ 49. Kf1 e2+ 50. Kf2 Rg2+ 51. Ke1 Rg1+ 0-1

[Event "SWE-DEN (Women)"]
[Site "chess24.com INT"]
[Date "2020.06.17"]
[Round "6.4"]
[White "Bengtsson, Jessica"]
[Black "Skytte, Torill"]
[Result "0-1"]
[WhiteElo "2061"]
[BlackElo "1967"]
[PlyCount "80"]
[EventDate "2020.06.17"]
[EventType "team-match (rapid)"]
[EventRounds "6"]
[EventCountry "SWE"]
[SourceTitle "CBM 196 Extra"]
[Source "ChessBase"]
[SourceDate "2020.07.31"]
[SourceVersion "1"]
[SourceVersionDate "2020.07.31"]
[SourceQuality "1"]
[WhiteTeam "Sweden"]
[BlackTeam "Denmark"]
[WhiteTeamCountry "SWE"]
[BlackTeamCountry "DEN"]

1. e4 e6 2. d4 d5 3. exd5 exd5 4. Nf3 Nc6 5. c3 Bd6 6. Bd3 Bg4 7. 0-0 Nge7 8. Re1 Qd7 9. Nbd2 f6 10. Nf1 0-0-0 11. b4 Ng6 12. b5 Nce7 13. Ne3 h5 14. Qa4 Kb8 15. Nd2 Nf4 16. Bf1 h4 17. Nb3 b6 18. c4 dxc4 19. Nxc4 Ned5 20. Nba5 bxa5 21. Nxa5 Nb6 22. Qb3 Be6 23. Qc2 Bd5 24. Nc6+ Bxc6 25. bxc6 Qg4 26. f3 Qh5 27. a4 a5 28. Bxf4 Bxf4 29. Qe2 Qd5 30. Qa6 Qxc6 31. Qxa5 Rxd4 32. Bb5 Qc5 33. Kh1 Bd2 34. Qa6 Bxe1 35. Rxe1 h3 36. Bf1 hxg2+ 37. Bxg2 Rdh4 38. h3 Qf2 39. Rf1 Rxh3+ 40. Bxh3 Rxh3# 0-1

[Event "Lund CellaVision Cup"]
[Site "Lund"]
[Date "2019.08.02"]
[Round "4"]
[White "Ernst, Thomas"]
[Black "Bengtsson, Jessica"]
[Result "1-0"]
[WhiteElo "2329"]
[BlackElo "2064"]
[PlyCount "27"]
[EventDate "2019.08.02"]
[EventType "swiss"]
[EventRounds "8"]
[EventCountry "SWE"]
[SourceTitle "CBM 191 Extra"]
[Source "ChessBase"]
[SourceDate "2019.09.30"]
[SourceVersion "1"]
[SourceVersionDate "2019.09.30"]
[SourceQuality "1"]

1. e4 e5 2. Nf3 Nc6 3. Bb5 Bc5 4. c3 Nf6 5. d4 Bb6 6. Qe2 exd4 7. e5 Nd5 8. Bc4 Nce7 9. cxd4 Ba5+ 10. Nbd2 0-0 11. 0-0 d6 12. Nb3 Bb6 13. Bg5 c6 14. Bxd5 1-0

[Event "Olympiad Women-43"]
[Site "Batumi"]
[Date "2018.09.28"]
[Round "5.38"]
[White "Bengtsson, Jessica"]
[Black "Ramirez M, Eugenia"]
[Result "1/2-1/2"]
[WhiteElo "1986"]
[BlackElo "2052"]
[PlyCount "110"]
[EventDate "2018.09.24"]
[EventType "team-swiss"]
[EventRounds "11"]
[EventCountry "GEO"]
[SourceTitle "EXT 2020"]
[Source "ChessBase"]
[SourceDate "2019.10.17"]
[SourceVersion "1"]
[SourceVersionDate "2019.10.17"]
[SourceQuality "1"]
[WhiteTeam "Sweden (W)"]
[BlackTeam "Bolivia (W)"]
[WhiteTeamCountry "SWE"]
[BlackTeamCountry "BOL"]

1. e4 e5 2. Nf3 Nc6 3. Bb5 Nd4 4. Nxd4 exd4 5. 0-0 Bc5 6. d3 c6 7. Ba4 Ne7 8. f4 d5 9. Kh1 f5 10. Bb3 Qd6 11. Nd2 0-0 12. e5 Qc7 13. Nf3 Kh8 14. Qe1 a5 15. a4 b5 16. Bd2 Bb6 17. Qh4 h6 18. Rae1 bxa4 19. Bxa4 Be6 20. Ng5 Qd7 21. Qh5 Kg8 22. Nxe6 Qxe6 23. h3 Kh7 24. Re2 Bd8 25. Qf3 Rb8 26. Bc1 Nc8 27. Bb3 Rb7 28. Rg1 Rbf7 29. Bd2 Rb7 30. Bc1 g6 31. g4 Rbf7 32. Qg3 g5 33. gxf5 Rxf5 34. Qg4 Qg6 35. Reg2 Be7 36. Bd2 Qf7 37. fxg5 Bxg5 38. Qxd4 Bxd2 39. e6 Qf6 40. Qxf6 R5xf6 41. Rxd2 Rxe6 42. Rdg2 Rf7 43. d4 Re3 44. Kh2 Ne7 45. c3 Rff3 46. Rg3 Rxg3 47. Rxg3 Re2+ 48. Rg2 Rxg2+ 49. Kxg2 Kg6 50. Kf3 Kg5 51. Ba4 h5 52. Kg3 Nf5+ 53. Kf3 Ne7 54. Kg3 Nf5+ 55. Kf3 Ne7 1/2-1/2

[Event "Olympiad Women-43"]
[Site "Batumi"]
[Date "2018.09.24"]
[Round "1.60"]
[White "Bengtsson, Jessica"]
[Black "Leung, Hoi Ting"]
[Result "1-0"]
[WhiteElo "1986"]
[BlackElo "1284"]
[PlyCount "49"]
[EventDate "2018.09.24"]
[EventType "team-swiss"]
[EventRounds "11"]
[EventCountry "GEO"]
[SourceTitle "EXT 2020"]
[Source "ChessBase"]
[SourceDate "2019.10.17"]
[SourceVersion "1"]
[SourceVersionDate "2019.10.17"]
[SourceQuality "1"]
[WhiteTeam "Sweden (W)"]
[BlackTeam "Hong Kong (W)"]
[WhiteTeamCountry "SWE"]
[BlackTeamCountry "HKG"]

1. e4 e5 2. Nf3 Nc6 3. Bb5 Bc5 4. c3 d6 5. d4 exd4 6. cxd4 Bb4+ 7. Nc3 Bd7 8. 0-0 Nge7 9. Bg5 Bxc3 10. bxc3 0-0 11. Rb1 Rb8 12. Re1 f6 13. Bh4 Ng6 14. Bg3 f5 15. exf5 Bxf5 16. Rb2 Qf6 17. Qb3+ Kh8 18. Bxc6 bxc6 19. Qxb8 Rxb8 20. Rxb8+ Nf8 21. Bh4 Qf7 22. Be7 Qxa2 23. Rxf8+ Qg8 24. Rxg8+ Kxg8 25. Bd8 1-0

[Event "Stockholm Cramling op"]
[Site "Stockholm"]
[Date "2018.09.01"]
[Round "3"]
[White "Hunt, Harriet"]
[Black "Bengtsson, Jessica"]
[Result "1-0"]
[WhiteElo "2439"]
[BlackElo "1986"]
[PlyCount "125"]
[EventDate "2018.09.01"]
[EventType "swiss"]
[EventRounds "7"]
[EventCountry "SWE"]
[SourceTitle "CBM 186 Extra"]
[Source "ChessBase"]
[SourceDate "2018.08.24"]
[SourceVersion "1"]
[SourceVersionDate "2018.08.24"]
[SourceQuality "1"]

1. e4 c5 2. Nc3 Nc6 3. Bb5 Nd4 4. Bc4 e6 5. Nf3 a6 6. Nxd4 cxd4 7. Ne2 b5 8. Bb3 Bb7 9. d3 Qb6 10. 0-0 Nf6 11. Bg5 Be7 12. Ng3 h6 13. Bxf6 Bxf6 14. Nh5 Rg8 15. Qg4 Be7 16. a4 b4 17. a5 Qc5 18. f4 0-0-0 19. f5 g6 20. fxg6 Rxg6 21. Qh3 Rdg8 22. Nf4 R6g7 23. Rf2 Qg5 24. Qh5 Bd6 25. Qxg5 Rxg5 26. g3 Bxf4 27. Rxf4 R5g7 28. Raf1 Rg5 29. Rxf7 Rxa5 30. Rh7 h5 31. Rff7 Ra1+ 32. Kf2 Rd8 33. Rxh5 Bc6 34. Rc5 Kb7 35. Rc4 a5 36. Rxd4 Rh8 37. h4 Kb6 38. Rdxd7 Bxd7 39. Rxd7 Rf8+ 40. Ke3 e5 41. d4 exd4+ 42. Rxd4 Re1+ 43. Kd2 Rg1 44. Rd6+ Kc5 45. Rd5+ Kb6 46. Ke3 Rxg3+ 47. Kd4 Rf6 48. Bc4 Rg4 49. Rb5+ Kc7 50. Rxa5 Rxh4 51. Ra7+ Kb8 52. Re7 Rd6+ 53. Bd5 Rh2 54. Kd3 Rb6 55. e5 Rh5 56. Kd4 Rhh6 57. Kc5 Kc8 58. e6 Rb8 59. Kd6 Rb6+ 60. Bc6 Rh8 61. Kc5 Rb8 62. Rg7 Rh5+ 63. Kd6 1-0

[Event "Gothenburg op"]
[Site "Gothenburg"]
[Date "2018.08.18"]
[Round "5"]
[White "Bengtsson, Jessica"]
[Black "Maddens, Martijn"]
[Result "0-1"]
[WhiteElo "1978"]
[BlackElo "2141"]
[PlyCount "64"]
[EventDate "2018.08.17"]
[EventType "swiss"]
[EventRounds "8"]
[EventCountry "SWE"]
[SourceTitle "CBM 186 Extra"]
[Source "ChessBase"]
[SourceDate "2018.08.24"]
[SourceVersion "1"]
[SourceVersionDate "2018.08.24"]
[SourceQuality "1"]

1. e4 c5 2. c3 Nf6 3. e5 Nd5 4. d4 cxd4 5. Nf3 d6 6. cxd4 e6 7. Bc4 Nc6 8. 0-0 Be7 9. Bd2 0-0 10. Nc3 Ncb4 11. Qe2 b6 12. Ne4 dxe5 13. dxe5 Bb7 14. Rfd1 Rc8 15. a3 Nc6 16. Bd3 h6 17. Ng3 Qd7 18. Qe4 f5 19. exf6 Nxf6 20. Qe2 Nd5 21. Nh5 Kh8 22. Qe4 Rf5 23. g4 g6 24. gxf5 exf5 25. Qe1 gxh5 26. Bc3+ Bf6 27. Bxf6+ Nxf6 28. Nh4 Qg7+ 29. Ng2 Nd4 30. Qf1 Rg8 31. f3 Nxf3+ 32. Kh1 Nh4 0-1

[Event "Helsingor Xtracon op"]
[Site "Helsingor"]
[Date "2018.07.25"]
[Round "6"]
[White "Bengtsson, Jessica"]
[Black "Johannsson, Orn Leo"]
[Result "0-1"]
[WhiteElo "1985"]
[BlackElo "2196"]
[PlyCount "110"]
[EventDate "2018.07.21"]
[EventType "swiss"]
[EventRounds "10"]
[EventCountry "DEN"]
[SourceTitle "CBM 185 Extra"]
[Source "ChessBase"]
[SourceDate "2018.07.29"]
[SourceVersion "1"]
[SourceVersionDate "2018.07.29"]
[SourceQuality "1"]

1. e4 e6 2. d4 d5 3. exd5 Qxd5 4. Nc3 Qd8 5. Nf3 Nf6 6. Bc4 Nbd7 7. 0-0 Be7 8. Qe2 Nb6 9. Bd3 c6 10. Re1 Nbd5 11. Nxd5 cxd5 12. c3 0-0 13. Ne5 Ne8 14. Qh5 f5 15. Qh3 Bf6 16. Bd2 Nd6 17. f3 Bd7 18. Bf4 Bb5 19. Bc2 Rc8 20. Rad1 Qb6 21. Qg3 Nc4 22. a4 Nxe5 23. Bxe5 Bd7 24. Rb1 Rc4 25. f4 Bxe5 26. Rxe5 Rfc8 27. Re3 Qd6 28. Rbe1 R4c7 29. Qg5 b6 30. Rg3 Qf8 31. Ree3 Re8 32. Bb3 Bc8 33. Qh5 Qf7 34. Qxf7+ Kxf7 35. Re5 Rd8 36. Rge3 a6 37. Kf2 b5 38. axb5 axb5 39. h3 b4 40. cxb4 Rb7 41. Rc3 Rxb4 42. Ke3 Bd7 43. g4 g6 44. Bc2 Rxb2 45. Rc7 Kf8 46. Bd3 Rh2 47. Bf1 Ke7 48. Kf3 Rd2 49. Ke3 Rd1 50. Bg2 Kd6 51. Rb7 Ra8 52. Rb6+ Kc7 53. Rb3 Ra2 54. Rc3+ Kd6 55. Bf3 Re1+ 0-1

[Event "Helsingor Xtracon op"]
[Site "Helsingor"]
[Date "2018.07.23"]
[Round "4"]
[White "Bengtsson, Jessica"]
[Black "Jaksland, Tim"]
[Result "1-0"]
[WhiteElo "1985"]
[BlackElo "2185"]
[PlyCount "81"]
[EventDate "2018.07.21"]
[EventType "swiss"]
[EventRounds "10"]
[EventCountry "DEN"]
[SourceTitle "CBM 185 Extra"]
[Source "ChessBase"]
[SourceDate "2018.07.29"]
[SourceVersion "1"]
[SourceVersionDate "2018.07.29"]
[SourceQuality "1"]

1. e4 c5 2. c3 Nf6 3. e5 Nd5 4. d4 cxd4 5. Nf3 e6 6. cxd4 d6 7. Bc4 Be7 8. 0-0 0-0 9. Bd2 dxe5 10. dxe5 b6 11. Qe2 Bb7 12. Nc3 Nxc3 13. Bxc3 Nd7 14. Rfe1 Qc7 15. Nd4 Nxe5 16. Qxe5 Qxc4 17. Nf5 f6 18. Nxe7+ Kf7 19. Qh5+ Kxe7 20. Rac1 Qf4 21. a3 a5 22. Qh3 Bd5 23. Rcd1 Kf7 24. Rd4 Qh6 25. Rh4 Qg6 26. Rg4 Qf5 27. Qg3 g5 28. Qc7+ Kg6 29. Rg3 Rab8 30. h4 h6 31. Ree3 Rb7 32. Qd6 Rff7 33. Qd8 Kg7 34. hxg5 hxg5 35. Rh3 Rf8 36. Qd6 Qf4 37. Rh7+ Kxh7 38. Qxf8 e5 39. Rh3+ Kg6 40. Rh6+ Kf5 41. Rxf6+ 1-0

[Event "EU-chT (Women) 20th"]
[Site "Reykjavik"]
[Date "2015.11.16"]
[Round "4.14"]
[White "Kristinardottir, Elsa Maria"]
[Black "Bengtsson, Jessica"]
[Result "0-1"]
[WhiteElo "1887"]
[BlackElo "2040"]
[PlyCount "76"]
[EventDate "2015.11.13"]
[EventType "team-swiss"]
[EventRounds "9"]
[EventCountry "ISL"]
[SourceTitle "CBM 169 Extra"]
[Source "ChessBase"]
[SourceDate "2015.12.18"]
[SourceVersion "1"]
[SourceVersionDate "2015.12.18"]
[SourceQuality "1"]
[WhiteTeam "Iceland (W)"]
[BlackTeam "Sweden (W)"]
[WhiteTeamCountry "ISL"]
[BlackTeamCountry "SWE"]

1. e4 c5 2. Nf3 Nc6 3. Nc3 e5 4. Bc4 Be7 5. d3 d6 6. h3 Nf6 7. Ng5 0-0 8. f4 exf4 9. Bxf4 h6 10. Nf3 Nh5 11. Qd2 Nxf4 12. Qxf4 Bf6 13. 0-0 Be6 14. Bb3 Nd4 15. Nxd4 Bxd4+ 16. Kh1 Be5 17. Qf2 Qd7 18. Rab1 Bxh3 19. Ne2 Be6 20. Nf4 Bxb3 21. axb3 Qg4 22. g3 Rae8 23. c3 f5 24. exf5 Rxf5 25. Rbe1 Ref8 26. Re4 d5 27. Rxe5 Rxe5 28. Re1 Rfe8 29. Rf1 Re3 30. Ng2 Qh5+ 31. Kg1 Re2 32. Qxc5 Rxb2 33. b4 Ree2 34. Nh4 Kh7 35. Qd6 Qg4 36. c4 Re3 37. Nf5 Qh3 38. Rf2 Re1+ 0-1

[Event "Wch U20 Girls 33rd"]
[Site "Khanty-Mansiysk"]
[Date "2015.09.11"]
[Round "9"]
[White "Bengtsson, Jessica"]
[Black "Barbier, Astrid"]
[Result "1-0"]
[WhiteElo "2056"]
[BlackElo "1835"]
[PlyCount "95"]
[EventDate "2015.09.02"]
[EventType "swiss"]
[EventRounds "13"]
[EventCountry "RUS"]
[SourceTitle "EXT 2016"]
[Source "ChessBase"]
[SourceDate "2015.10.08"]
[SourceVersion "1"]
[SourceVersionDate "2015.10.08"]
[SourceQuality "1"]

1. e4 e5 2. Nf3 Nc6 3. Bb5 a6 4. Ba4 Nge7 5. c3 b5 6. Bb3 h6 7. 0-0 g6 8. d4 exd4 9. cxd4 Bg7 10. a4 Rb8 11. axb5 axb5 12. Nc3 0-0 13. Be3 d6 14. Qd2 Kh7 15. d5 Ne5 16. Nxe5 dxe5 17. Bc5 f5 18. f3 f4 19. Rfd1 Rf6 20. d6 cxd6 21. Bxd6 Rb7 22. Bxe7 Qxe7 23. Nd5 Qc5+ 24. Kh1 Rf8 25. Rac1 Qa7 26. Qb4 Be6 27. Qd6 Bxd5 28. Bxd5 Rb6 29. Qc5 Qb8 30. Rc2 h5 31. Qe7 Re8 32. Qc5 Bf8 33. Qc3 Kh6 34. Rdc1 Ra6 35. g3 Rf6 36. Qd2 Qb6 37. gxf4 exf4 38. Rc6 Qd8 39. Qg2 Re5 40. Qd2 Rg5 41. Rc7 Bd6 42. Rc8 Qb6 43. R8c6 Qb8 44. Qa5 Be5 45. Rc8 Qd6 46. Qa8 Re6 47. Bxe6 Qxe6 48. Rh8+ 1-0

[Event "Wch U20 Girls 33rd"]
[Site "Khanty-Mansiysk"]
[Date "2015.09.07"]
[Round "6"]
[White "Ivanova, Karina"]
[Black "Bengtsson, Jessica"]
[Result "1/2-1/2"]
[WhiteElo "2177"]
[BlackElo "2056"]
[PlyCount "72"]
[EventDate "2015.09.02"]
[EventType "swiss"]
[EventRounds "13"]
[EventCountry "RUS"]
[SourceTitle "EXT 2016"]
[Source "ChessBase"]
[SourceDate "2015.10.08"]
[SourceVersion "1"]
[SourceVersionDate "2015.10.08"]
[SourceQuality "1"]

1. d4 d5 2. c4 e6 3. Nc3 Be7 4. cxd5 exd5 5. Bf4 Nf6 6. e3 Bf5 7. Qb3 Nc6 8. a3 Na5 9. Qa4+ c6 10. b4 Nc4 11. b5 Nb2 12. Qb3 Nd3+ 13. Bxd3 Bxd3 14. bxc6 bxc6 15. Nge2 Qb6 16. Qd1 Qa6 17. 0-0 0-0 18. Re1 Ne4 19. f3 Nd6 20. Nc1 Bc4 21. Qa4 Rfe8 22. Qxa6 Bxa6 23. N1a2 Nc4 24. Nb4 Bb7 25. Nc2 g5 26. Bg3 c5 27. Nb5 Rad8 28. Nxa7 Ra8 29. Nb5 Ra5 30. Nc3 Rea8 31. a4 Bc6 32. Ra2 Bf6 33. Bc7 R5a7 34. Bg3 Ra5 35. Bc7 R5a7 36. Bg3 Ra5 1/2-1/2

[Event "Wch U20 Girls 33rd"]
[Site "Khanty-Mansiysk"]
[Date "2015.09.04"]
[Round "3"]
[White "Bengtsson, Jessica"]
[Black "Musaeva, Shakhnazi"]
[Result "1-0"]
[WhiteElo "2056"]
[BlackElo "1586"]
[PlyCount "93"]
[EventDate "2015.09.02"]
[EventType "swiss"]
[EventRounds "13"]
[EventCountry "RUS"]
[SourceTitle "EXT 2016"]
[Source "ChessBase"]
[SourceDate "2015.10.08"]
[SourceVersion "1"]
[SourceVersionDate "2015.10.08"]
[SourceQuality "1"]

1. e4 c5 2. c3 d5 3. exd5 Qxd5 4. d4 Nc6 5. Nf3 Bg4 6. Be2 e6 7. 0-0 Nf6 8. h3 Bh5 9. Be3 cxd4 10. cxd4 Be7 11. Nc3 Qd8 12. Qb3 Qb6 13. Qc2 Bg6 14. Qd2 Nd5 15. Nxd5 exd5 16. Ne5 0-0 17. Nd7 Qc7 18. Nxf8 Bxf8 19. Bf3 Qd7 20. a3 Ne7 21. Rac1 Nc6 22. Rfe1 Be7 23. Bf4 h6 24. Bg4 Qd8 25. Qe3 Bf6 26. Be5 Be4 27. Bxf6 Qxf6 28. f3 Bg6 29. Red1 Rd8 30. b4 a6 31. Bd7 Ne7 32. Ba4 Nf5 33. Qf2 Qd6 34. Bc2 Re8 35. Bxf5 Bxf5 36. Re1 Rxe1+ 37. Qxe1 Be6 38. Qe5 Qxe5 39. dxe5 Bd7 40. Rc7 Bc6 41. Kf2 Kf8 42. Ke3 Ke8 43. Kd4 Kf8 44. f4 g6 45. g4 Ke8 46. f5 gxf5 47. gxf5 1-0

[Event "Deltalift op"]
[Site "Tylosand"]
[Date "2015.05.16"]
[Round "7"]
[White "Andersson, Bjorn"]
[Black "Bengtsson, Jessica"]
[Result "1/2-1/2"]
[WhiteElo "2209"]
[BlackElo "2052"]
[PlyCount "120"]
[EventDate "2015.05.14"]
[EventType "swiss"]
[EventRounds "8"]
[EventCountry "SWE"]
[SourceTitle "CBM 166 Extra"]
[Source "ChessBase"]
[SourceDate "2015.06.18"]
[SourceVersion "1"]
[SourceVersionDate "2015.06.18"]
[SourceQuality "1"]

1. e4 c5 2. Nf3 Nc6 3. d4 cxd4 4. Nxd4 Nf6 5. Nc3 e5 6. Ndb5 d6 7. Bg5 a6 8. Na3 b5 9. Nd5 Be7 10. Bxf6 Bxf6 11. c4 b4 12. Nc2 a5 13. g3 Bg5 14. Bg2 0-0 15. 0-0 Be6 16. f4 Bh6 17. Kh1 f6 18. Qd3 Qb8 19. Rad1 Qa7 20. b3 Rad8 21. Nce3 Nd4 22. Nf5 Nxf5 23. exf5 Bf7 24. Rd2 Rfe8 25. Re2 Qc5 26. h3 Kf8 27. Ne3 exf4 28. gxf4 Bh5 29. Ree1 Re7 30. Be4 Rde8 31. Nd5 Ra7 32. Bf3 Bf7 33. Rxe8+ Bxe8 34. Qe4 Bf7 35. Re1 Qc8 36. Kg2 Qe8 37. Qb1 Qd8 38. Qc1 Bxd5 39. Bxd5 Re7 40. Be6 g6 41. fxg6 hxg6 42. Kg3 Qb6 43. Qd2 Qc5 44. Kf3 g5 45. Qd3 f5 46. fxg5 Bxg5 47. Re2 Kg7 48. Qxf5 Qxf5+ 49. Bxf5 Rxe2 50. Kxe2 Kf6 51. Be4 Ke5 52. Kf3 Bh6 53. h4 Bc1 54. Bc6 Bh6 55. Be8 Bc1 56. Ke2 Kd4 57. Kf3 Ke5 58. Kg4 Kf6 59. Bc6 Bd2 60. Bd7 Bc1 1/2-1/2

[Event "Deltalift op"]
[Site "Tylosand"]
[Date "2015.05.14"]
[Round "2"]
[White "Bengtsson, Jessica"]
[Black "Ziegler, Ari"]
[Result "0-1"]
[WhiteElo "2052"]
[BlackElo "2305"]
[PlyCount "82"]
[EventDate "2015.05.14"]
[EventType "swiss"]
[EventRounds "8"]
[EventCountry "SWE"]
[SourceTitle "CBM 166 Extra"]
[Source "ChessBase"]
[SourceDate "2015.06.18"]
[SourceVersion "1"]
[SourceVersionDate "2015.06.18"]
[SourceQuality "1"]

1. e4 c5 2. c3 e6 3. d4 d5 4. e5 Nc6 5. Nf3 Bd7 6. Be2 Nh6 7. 0-0 Nf5 8. Be3 Be7 9. Qd2 0-0 10. dxc5 Nxe3 11. Qxe3 f6 12. b4 Nxe5 13. Nxe5 fxe5 14. Qxe5 Bf6 15. Qg3 a5 16. b5 Rc8 17. a4 Rxc5 18. Ra3 Qe7 19. Rb3 Rfc8 20. Rc1 e5 21. Nd2 Bh4 22. Qd3 e4 23. Qe3 Bg5 24. f4 Bf6 25. g4 g5 26. f5 Be8 27. Ra3 Bf7 28. Bf1 Rxb5 29. Bxb5 Qxa3 30. Rc2 Rxc3 31. Rxc3 Qxc3 32. Qxc3 Bxc3 33. Nf1 Kg7 34. Kf2 Kf6 35. Ng3 Ke5 36. Ne2 Bb2 37. Bd7 d4 38. h3 d3 39. Ng3 Kf4 40. Nh5+ Bxh5 41. gxh5 e3+ 0-1

[Event "Gibraltar Challengers-B 13th"]
[Site "Caleta"]
[Date "2015.02.01"]
[Round "2"]
[White "Kovacs, Klara"]
[Black "Bengtsson, Jessica"]
[Result "1-0"]
[WhiteElo "2145"]
[BlackElo "1971"]
[PlyCount "123"]
[EventDate "2015.01.31"]
[EventType "swiss"]
[EventRounds "5"]
[EventCountry "GGB"]
[SourceTitle "CBM 164 Extra"]
[Source "ChessBase"]
[SourceDate "2015.03.02"]
[SourceVersion "1"]
[SourceVersionDate "2015.03.02"]
[SourceQuality "1"]

1. c4 e6 2. g3 d5 3. Bg2 Nf6 4. Nf3 Be7 5. 0-0 0-0 6. b3 c5 7. Bb2 d4 8. b4 a5 9. bxc5 Nc6 10. d3 e5 11. Ba3 Nd7 12. Nbd2 Nxc5 13. Bxc5 Bxc5 14. Rb1 Qe7 15. Ne1 f5 16. Nc2 Nb4 17. Nxb4 Bxb4 18. Qc2 Ra7 19. Kh1 b6 20. c5 bxc5 21. Nc4 Bb7 22. a3 Bxg2+ 23. Kxg2 Bc3 24. Nb6 Qb7+ 25. Kg1 Qc6 26. Na4 e4 27. Nxc3 dxc3 28. Qxc3 c4 29. dxc4 f4 30. c5 f3 31. exf3 exf3 32. h4 a4 33. Rb6 Qd5 34. Rd6 Qb3 35. Rd3 Qf7 36. c6 Rc7 37. Rc1 h6 38. Qc4 Qxc4 39. Rxc4 Rf6 40. Rdc3 h5 41. Kh2 Kf7 42. Rxa4 Ke7 43. Rac4 Kd6 44. a4 Rf5 45. g4 hxg4 46. Kg3 Rf6 47. a5 Rf5 48. Rd3+ Ke6 49. Ra3 Kd5 50. Rc1 Kd6 51. a6 Rf8 52. Kxg4 Rxc6 53. Rxc6+ Kxc6 54. a7 Ra8 55. Kxf3 Kd6 56. Kf4 Ke6 57. Kg5 Kf7 58. Ra6 Ke7 59. Kg6 Kf8 60. Kh7 Kf7 61. Rg6 Rg8 62. f4 1-0

[Event "Gibraltar Challengers-A 13th"]
[Site "Caleta"]
[Date "2015.01.27"]
[Round "2"]
[White "Kovacs, Klara"]
[Black "Bengtsson, Jessica"]
[Result "1-0"]
[WhiteElo "2145"]
[BlackElo "1971"]
[PlyCount "103"]
[EventDate "2015.01.26"]
[EventType "swiss"]
[EventRounds "5"]
[EventCountry "GGB"]
[SourceTitle "CBM 164 Extra"]
[Source "ChessBase"]
[SourceDate "2015.03.02"]
[SourceVersion "1"]
[SourceVersionDate "2015.03.02"]
[SourceQuality "1"]

1. c4 e6 2. g3 d5 3. Bg2 Nf6 4. Nf3 Be7 5. 0-0 0-0 6. b3 c5 7. Bb2 d4 8. b4 a5 9. bxc5 Nc6 10. d3 Bxc5 11. Ba3 Qe7 12. Bxc5 Qxc5 13. Nbd2 a4 14. Rb1 Ra5 15. Ne1 e5 16. Nc2 Rd8 17. Qc1 Bg4 18. Re1 Qe7 19. h3 Bf5 20. Qa3 Qd7 21. Kh2 h5 22. Rb6 h4 23. Rh1 hxg3+ 24. fxg3 Ra7 25. Nb4 Na5 26. Rb5 Qc7 27. Rf1 Bd7 28. Nd5 Nxd5 29. Bxd5 Be8 30. Ne4 b6 31. Ng5 Qd6 32. Qc1 Rc8 33. Ne4 Qg6 34. Rb1 Nb7 35. Qg5 Qxg5 36. Nxg5 Nc5 37. Rxb6 a3 38. Rfb1 Na4 39. Rb8 Rac7 40. Rxc8 Rxc8 41. Ne4 Rd8 42. Rb3 Kf8 43. Rxa3 f5 44. Ng5 Rb8 45. Ne6+ Ke7 46. Nxg7 Bd7 47. Nxf5+ Kf6 48. Nd6 Nc3 49. Ne4+ Nxe4 50. Bxe4 Rb2 51. Ra6+ Ke7 52. Bf3 1-0

[Event "Wch U20 Girls 32nd"]
[Site "Pune"]
[Date "2014.10.19"]
[Round "13"]
[White "Zarkovic, Mila"]
[Black "Bengtsson, Jessica"]
[Result "1-0"]
[WhiteElo "2136"]
[BlackElo "1943"]
[PlyCount "61"]
[EventDate "2014.10.06"]
[EventType "swiss"]
[EventRounds "13"]
[EventCountry "IND"]
[SourceTitle "EXT 2015"]
[Source "ChessBase"]
[SourceDate "2014.11.20"]
[SourceVersion "1"]
[SourceVersionDate "2014.11.20"]
[SourceQuality "1"]

1. e4 c5 2. Nf3 Nc6 3. d4 cxd4 4. Nxd4 Nf6 5. Nc3 e5 6. Ndb5 d6 7. Bg5 a6 8. Na3 b5 9. Nd5 Be7 10. Bxf6 Bxf6 11. c3 0-0 12. Nc2 Bg5 13. a4 bxa4 14. Rxa4 a5 15. Bb5 Ne7 16. Ncb4 f5 17. Nxe7+ Qxe7 18. Bc6 Bb7 19. Qd5+ Rf7 20. h4 axb4 21. Rxa8+ Bxa8 22. Bxa8 Qa7 23. hxg5 Qa1+ 24. Ke2 Qxh1 25. Qe6 Qh5+ 26. f3 Kf8 27. Qc8+ Ke7 28. Qc7+ Ke8 29. Bc6+ Rd7 30. Qxd7+ Kf8 31. Qxd6+ 1-0